000 00352nam a2200169Ia 4500
100 _aPedroni/Volnei A
650 _aVHDL
942 _cBK
366 _f17.5
654 _aVHDL
245 _aCircuit design with VHDL
260 _bPrentice Hall of India
_c2009
082 _a621.392/PED
_bPED
300 _a363
546 _aENGLISH
999 _c34750
_d34750